Statistiques concernant Ballons d'or football (1981-2022)

Cliquez ici pour prendre le quiz!

Statistiques générales

  • Ce quiz a été pris 7 062 fois
    (615 depuis la dernière actualisation)
  • Le résultat moyen est 22 sur 40

Statistiques - réponses

annéejoueur% Correct
2023Messi
100%
2022Benzema
96%
2021Messi
95%
2018Modric
95%
2019Messi
94%
2015Messi
94%
2017Ronaldo
94%
2016Ronaldo
94%
2014Ronaldo
94%
2010Messi
93%
2012Messi
93%
2011Messi
93%
2013Ronaldo
93%
2009Messi
92%
2008Ronaldo
90%
2007Kaka
80%
2006Cannavaro
64%
1998Zidane
64%
2005Ronaldinho
63%
2002Ronaldo
55%
2003Nedved
43%
2000Figo
40%
2001Owen
37%
1999Rivaldo
32%
1997Ronaldo
32%
1984Platini
29%
1985Platini
29%
1983Platini
29%
2004Shevchenko
28%
1991Papin
22%
1989Van basten
19%
1988Van basten
19%
1992Van basten
17%
1995Weah
17%
1993Baggio
14%
1996Sammer
14%
1987Gullit
12%
1990Matthaus
9%
1994Stoichkov
6%
1986Belanov
5%

Distribution des résultats

Percentile par nombre de réponses

% des personnes avec chaque résultat

Votre développement - résultats

Vous n’avez pas pris ce quiz depuis la dernière actualisation